| 000 | 00440nam a2200181Ia 4500 | ||
|---|---|---|---|
| 001 | 2562 | ||
| 005 | 20260306144816.0 | ||
| 008 | 260306t2012||||xx |||||||||||||| ||spa|| | ||
| 041 | _aESP | ||
| 082 |
_a616.89142 _bV23 |
||
| 100 |
_aVallejo Pareja, Miguel Ángel _eAUT |
||
| 245 | 0 | _aLecciones de terapia de conducta | |
| 260 | _c2012 | ||
| 300 |
_a855 páginas : _c24 cm. |
||
| 650 | _aGEN | ||
| 654 | _aCPS | ||
| 942 |
_cLIB _dJUS _fJUS _2ddc _n |
||
| 999 |
_c2562 _d2562 |
||